000 00261nam a22001217a 4500
082 _a823
_bCHA/G
100 _aDICKENS, CHARLES
245 _aGREAT EXPECTATIONS
260 _aBOMBAY
_bOXFORD
_c1993
300 _a127
650 _aENGLISH STORY
_zINDIA
942 _cBK
999 _c7266
_d7266